000 00501nam a2200145Ia 4500
008 100415s9999 xx 000 0 und d
082 _b7931
100 _aDarjeeling National History Society
245 _aJournal Of The Darjeeling National History Society Vol.12
260 _aDARJEELING
_c1937
_bNATURAL HISTORY MUSEUM
365 _b0
630 _aJournal Of The Darjeeling National History Society Vol.12
730 _aJournal Of The Darjeeling National History Society Vol.12
942 _cBOOK
999 _c590882
_d590879